Pokémon par images A-Z #1 - Statistiques

Statistiques générales
  • Ce quiz a été pris 5 131 fois
  • Le résultat moyen est 18 sur 26
Statistiques - réponses
Par images Hint Réponse % Correct
O Onix
95%
R Rondoudou
95%
I Insécateur
92%
G Gardevoir
91%
A Amphinobi
90%
M Magmar
89%
P Piafabec
88%
D Démolosse
85%
Z Zarbi
84%
Q Qulbutoké
83%
X Xerneas
78%
E Élecsprint
70%
C Ceribou
69%
J Jungko
67%
T Tranchodon
67%
H Hexagel
65%
F Fouinar
61%
Y Ymphect
61%
S Séléroc
59%
W Wattouat
58%
K Kaorine
56%
U Ursaking
53%
B Boumata
51%
N Nigosier
49%
V Vorastérie
44%
L Lapyro
43%
Aucun quiz correspondant
Distribution des résultats
% des personnes avec chaque résultat
Percentile par nombre de réponses
Votre historique - résultats
Vous n’avez pas pris ce quiz